Words That Can Use Any Vowel - Statistics

General Stats
  • This quiz has been taken 2,473 times
  • The average score is 9 of 12
Answer Stats
Five Hints Five Words Differing By Vowel % Correct
evil, cot, sprout, offer, physique bad bed bud bid bod
96%
plead, annoy, large, sack, fen beg bug big bag bog
88%
strike, shack, spicy, cap, straight hit hut hot hat het
86%
piece, however, club, droid, wager bit but bat bot bet
84%
pan, tap, hole, deposit, tame animal pot pat pit put pet
79%
soil, crazy, central, pill, alter mud mad mid med mod
76%
sphere, invoice, ox, alarm, seed capsule ball bill bull bell boll
75%
avoid, weight, clutter, lichen, ruffle miss mass mess moss muss
72%
index, stray, final, desire, in case list lost last lust lest
68%
curve, orchestra, promise, tie, causeway bend band bond bind bund
65%
burst, dog, seed, energy, mush pop pup pip pep pap
63%
noise, lair, khaki, wear, karate level din den dun don dan
59%
No matching quizzes found
Score Distribution
Percent of People with Each Score
Percentile by Number Answered
Your Score History
You have not taken this quiz